000 00349nam a2200133Ia 4500
005 20260326100043.0
008 260326s9999||||xx |||||||||||||| ||und||
100 _aKoch, Alexander
245 0 _aHotelbauten :
_b Motel und ferienhauser /
_cAlexander Koch
260 _bAlexander Koch
300 _a315 p.
650 _aARQUITECTURA CIVIL
942 _cBK
999 _c7066
_d7066